Об экономической эффективности внедрения новой техники и обновления оборудования; Доклады второй научной конференции кафедр общественных наук

Bibliografiska uppgifter
Parent link:Доклады второй научной конференции кафедр общественных наук.— 1959.— С. 72-75
Huvudupphovsman: Горюнов А. П.
Övriga upphovsmän: Казакевич Д. М.
Språk:ryska
Publicerad: 1959
Ämnen:
Materialtyp: MixedMaterials Bokavsnitt
KOHA link:https://koha.lib.tpu.ru/cgi-bin/koha/opac-detail.pl?biblionumber=188619

MARC

LEADER 00000naa2a2200000 4500
001 188619
005 20231031175031.0
035 |a (RuTPU)RU\TPU\book\204868 
035 |a RU\TPU\tpu\147 
090 |a 188619 
100 |a 20101210d1959 k y0rusy50 ca 
101 0 |a rus 
102 |a RU 
200 1 |a Об экономической эффективности внедрения новой техники и обновления оборудования  |f А. П. Горюнов, Д. М. Казакевич 
463 0 |0 (RuTPU)RU\TPU\book\204798  |t Доклады второй научной конференции кафедр общественных наук  |f Томский политехнический институт (ТПИ) ; отв. ред. И. Т. Белимов ; под ред. Ю. С. Нехорошева и А. Н. Книгина  |v С. 72-75  |d 1959  |p 114 с. 
610 1 |a политическая экономия 
610 1 |a история экономических учений 
610 1 |a труды учёных ТПУ 
700 1 |a Горюнов  |b А. П. 
701 1 |a Казакевич  |b Д. М. 
801 0 |a RU  |b 63413507  |c 20011210  |g PSBO 
801 2 |a RU  |b 63413507  |c 20101210  |g PSBO 
942 |c BK